Statistics for Words with Missing First Letter #3

Click here to take the quiz!

General Stats

  • This quiz has been taken 23,396 times
  • The average score is 16 of 24

Answer Stats

First Letter Hint % Correct
AVERSE
89%
LAWFUL
87%
ELAPSE
85%
DELUDE
83%
TERROR
81%
ICONS
81%
EMERGE
80%
SHAVE
79%
BRAKED
77%
TRUFFLE
77%
YOURSELF
75%
VOMIT
70%
IMAGE
70%
OZONE
65%
ABRIDGE
65%
LOATH
63%
GLOBE
58%
OVINE
58%
KNAVE
51%
UPREACH
49%
NARCO
48%
NACRE
45%
WHEEL
38%
ISLED
36%

Score Distribution

Percentile by Number Answered

Percent of People with Each Score

Your Score History

You have not taken this quiz